Responses for show #4530 - Friday, April 23, 2004

Tom Baker game 3.

Contestants

Marc Anderson, an Internet editor from Sacramento, California

Liz Lynch, a part-time art history teacher from Manassas, Virginia

Tom Baker, a writer from Tokyo, Japan (whose 2-day cash winnings total $70,000)

Jeopardy! Round responses

ROYAL WOMEN
WORLD OF FOOD
NFL COACHES
"OO" WHO?
THE 7 CONTINENTS
FROM WHAT LANGUAGE
(Alex: ...did English directly borrow each of these words?)
    $200 11
Princess Diana

Liz
    $200 1
corn

Liz
    $200 26
John Madden

Marc
    $200 6
(John Wilkes) Booth

Tom
    $200 21
Antarctica

Liz
    $200 16
Japanese

Liz
    $400 12
Queen Isabella

Marc
    $400 2
rice

Tom
    $400 27
Tom Landry

Liz
    $400 7
(Tom: Who are the Woolworth brothers?)

the Bloomingdales

Tom
Triple Stumper
    $400 22
(Tom: What is Europe?)

Asia

Tom
Triple Stumper
    $400 17
(Marc: What is Italian?)

Spanish

TomMarc
    $600 13
Catherine the Great

Liz
    $600 3
gazpacho

Liz
    $600 28
Don Shula

Liz
    $600 8
Jane Goodall

Liz
    $600 23
(Liz: What is Europe?)
(Tom: What is Australia?)

North America

TomLizMarc
    $600 18
French

Liz
    $800 14
(Liz: I was going to say Grace, but I know that's wrong!)

Princess Caroline

Liz
Triple Stumper
    $800 4
(Marc: What is moussaki?)

souvlaki

TomMarc
    $800 29
(Mike) Ditka

Marc
    $800 9
Ed Wood

Liz
    $800 24
Australia

Tom
    $800 19
Yiddish

Tom
    $1000 15
Maria Theresa

Liz
    $1000 5
cabbage

Liz
    $1,000 30
(Paul) Brown

Marc
    $1000 10
Oona O'Neill

Liz
    $1000 25
(Marc: What is North America?)

South America

TomMarc
    $1000 20
(Tom: What is Danish?)

Dutch

TomMarc

Scores at the first commercial break (after clue 15):

Tom Liz Marc
$1,000 $5,200 -$400

Scores at the end of the Jeopardy! Round:

Tom Liz Marc
$2,000 $6,600 $1,800

Double Jeopardy! Round responses

SCIENCE & TECHNOLOGY
OSCAR-NOMINATED SONGS
IMMIGRANTS
FEELINGS
MUSEUMS
WHAT IS IT ABOUT HIM?
    $400 1
Mars

Tom
    $400 18
South Park

Tom
    $400 13
Austria

Tom
    $400 3
Love, American Style

Marc
    $400 5
Arizona

Marc
    $400 12
mystique

Marc
    $800 2
Henry Ford

Liz
    $800 27
Beauty and the Beast

Tom
    $800 14
Andrew Grove

Triple Stumper
    $800 23
(Liz: What is Man?)

Grief

TomLiz
    $800 8
Ireland

Tom
    $800 19
presence

Tom
    $1200 4
laser

Liz
    $1200 28
The Muppet Movie

Liz
    $3,600 15
Ayn Rand

Tom
    $1200 24
(Alex: Less than a minute to go.)

anger

Tom
    $1200 9
the British Museum

Liz
    $1200 20
charisma

Liz
    $1600 6
argon

Marc
    $1600 29
An Officer and a Gentleman

Liz
    $1600 16
Irving Berlin

Marc
    $1600 25
Hungry-Man

Liz
    $1600 10
MoMA (Museum of Modern Art)

Liz
    $1600 21
je ne sais quoi

Tom
    $2000 7
(Liz: Who is Heisenberg?)

(Max) Planck

LizMarc
    $2000 30
Gangs of New York

Triple Stumper
    $2000 17
(Tom: Who is Martin Scorsese?)

Elia Kazan

Tom
Triple Stumper
    $2000 26
sad sack

Tom
    $2000 11
Royal Ontario Museum

Liz
    $6,000 22
magnetism

Tom

Scores at the end of the Double Jeopardy! Round:

Tom Liz Marc
$18,800 $16,200 $8,200

[wagering suggestions for these scores]

Final Jeopardy! Round responses

CLASSICAL COMPOSERS
MarcWho is Ravel
$5,400
LizWho is Sibelius?
$300
TomWho is Tchaikovsky?
$13,500
Pyotr Ilyich Tchaikovsky

Final scores:

Tom Liz Marc
$32,300 $15,900 $2,800
3-day champion: $102,300 2nd place: $2,000 3rd place: $1,000

Game dynamics:

Coryat scores:

Tom Liz Marc
$12,400 $16,200 $8,200
19 R
(including 2 DDs),
5 W
23 R,
4 W
12 R
(including 1 DD),
3 W

Combined Coryat: $36,800

The J! Archive is created by fans, for fans. The Jeopardy! game show and all elements thereof, including but not limited to copyright and trademark thereto, are the property of Jeopardy Productions, Inc. and are protected under law. This website is not affiliated with, sponsored by, or operated by Jeopardy Productions, Inc. Join the discussion at JBoard.tv.